000 00515nam a22001815i 4500
001 48591
003 ES-MaACL
005 20230906161758.0
007 t|
008 950725s1882 fr ||||1| fre d
040 _aCAM
_bspa
_cCAM
100 1 _aDesmarest, E.
_943898
245 1 0 _aLégislation et organisation des sociétés de secours mutuels en Europe /
_cpar E. Desmarest.
250 _a7e éd.
260 _aParis :
_bPaul Dupont,
_c1882.
300 _a[4], 246 p. ;
_c17 cm.
852 _aES-MaACL
_jF-10594
999 _c48591
_d48591